000 00618 a2200181 4500
003 NUST
005 20221117134127.0
040 _cNust
082 _a515,LAN
100 _aLang, Serge
_9102580
245 _aAnalysis I /
_cSerge Lang
260 _aLONDON
_bADDISON WESLEY
_c1968
300 _a460 P.:
505 _aPart-1: Review of Calculus (Page-1), Part-2: Convergence (Page-94), Part-3: Applications of the Integral (Page-210), Part-4: Calculus in Vector Spaces (Page-271), Part-5: Multiple Integration (Page-397).
600 _aSERGE LANG
_9102885
650 _aAnalysis I.
_9102886
942 _2ddc
_cBK
_k515,LAN
999 _c180264
_d180264